01083nac a22002771i 4500003000900000005001700009008004100026040004300067082002000110100004400130245009200174250004300266264003900309300004500348336002600393337002800419338002700447490010100474500002100575500002600596650002900622655001700651942001200668999001500680952011000695EG-ScBUE20250731113104.0250731s1960 nyua f 001 0 eng d aEG-ScBUEbengerdacEG-ScBUEdEG-ScBUE04a539.76bGAL2221 aGalanin, A. D., eauthor.10aThermal reactor theory /cby A. D. Galanin ; translated from the Russian by J.B. Sykes. aSecond revised and authorised edition. 1aNew York :bPergamon Press,c1960. axiv, 412 pages :billustrations,c22 cm. 2rdacontentatextbtxt aunmediated2rdamediabn avolumebnc2rdacarrier1 aInternational series of monographs on nuclear energy. Division 10: Reactor design physics,vv. 3 aIncludes index.  aIncludes Appendices.  7aNuclear reactors.2BUEsh vReading book cBB2ddc c1685d1685 00102ddc4070aMAINbMAINc1STd2006-12-04ePurchasel0o539.76 GALp000002656r2025-07-15 00:00:00yBB